[Event "Vojvodina-chT"]
[Site "Kac"]
[Date "2014.11.09"]
[Round "2"]
[White "Vukovic, Miroslav R"]
[Black "Dragojlovic, Andjelko"]
[Result "0-1"]
[WhiteElo "2183"]
[BlackElo "2290"]
[PlyCount "57"]
[EventDate "2014.11.08"]
[EventType "team-tourn"]
[EventRounds "11"]
[EventCountry "SRB"]
[SourceTitle "EXT 2016"]
[Source "ChessBase"]
[SourceDate "2015.10.08"]
[SourceVersion "1"]
[SourceVersionDate "2015.10.08"]
[SourceQuality "1"]

1. e4 g6 2. d4 Bg7 3. Nf3 d6 4. Nc3 a6 5. h3 e6 6. Be3 Ne7 7. Qd2 h6 8. Bd3 Nd7 9. 0-0 b6 10. Rad1 Bb7 11. Ne2 c5 12. c3 e5 13. dxe5 Nxe5 14. Nxe5 dxe5 15. Bc2 Nc6 16. Ba4 b5 17. Bc2 Qxd2 18. Rxd2 c4 19. Bc5 Rd8 20. Rfd1 Rxd2 21. Rxd2 Bf8 22. Bb6 Be7 23. Ng3 Nb8 24. Bc7 Nd7 25. Nf1 f6 26. Ne3 Bd8 27. Nd5 Bxd5 28. Rxd5 Bxc7 29. Kf1 0-1

[Event "Vojvodina-chT"]
[Site "Kac"]
[Date "2014.11.08"]
[Round "1"]
[White "Vucinic, Gojko"]
[Black "Vukovic, Miroslav R"]
[Result "1-0"]
[WhiteElo "2296"]
[BlackElo "2183"]
[PlyCount "106"]
[EventDate "2014.11.08"]
[EventType "team-tourn"]
[EventRounds "11"]
[EventCountry "SRB"]
[SourceTitle "EXT 2016"]
[Source "ChessBase"]
[SourceDate "2015.10.08"]
[SourceVersion "1"]
[SourceVersionDate "2015.10.08"]
[SourceQuality "1"]

1. e4 c6 2. d4 d5 3. e5 Bf5 4. h4 h5 5. Bd3 Bxd3 6. Qxd3 e6 7. Bg5 Qb6 8. Nd2 Nd7 9. Ngf3 Nh6 10. 0-0 Nf5 11. c4 Qa6 12. Qc3 dxc4 13. Nxc4 Nb6 14. Ne3 Ne7 15. a3 Ned5 16. Qc2 Be7 17. Bxe7 Nxe7 18. Ng5 g6 19. Ne4 Rd8 20. Nc5 Qb5 21. Nxb7 Rxd4 22. Nd6+ Rxd6 23. exd6 Ned5 24. Nxd5 Nxd5 25. b4 Kd7 26. Qc5 Qb6 27. Rfc1 Rb8 28. Rab1 Qa6 29. a4 Qb6 30. b5 cxb5 31. Qxb5+ Qxb5 32. Rxb5 Rb6 33. Rcb1 Kxd6 34. a5 Ra6 35. Rb7 f6 36. Rg7 Nc3 37. Ra1 Ke5 38. Rxg6 Ne2+ 39. Kf1 Nf4 40. Rh6 Kf5 41. g3 Nd5 42. Rxh5+ Kg6 43. Rh8 f5 44. Rg8+ Kh7 45. Rb8 Kg6 46. Rb7 Nf6 47. Ke2 Ne4 48. Ke3 e5 49. Rb5 Kf6 50. g4 Nd6 51. g5+ Kg6 52. Rc5 f4+ 53. Kf3 Kf5 1-0

[Event "Vojvodina-ch 3rd"]
[Site "Novi Sad"]
[Date "2012.07.04"]
[Round "8"]
[White "Vukovic, Miroslav R"]
[Black "Cechi, Goran"]
[Result "0-1"]
[WhiteElo "2193"]
[BlackElo "2263"]
[PlyCount "62"]
[EventDate "2012.06.29"]
[EventType "swiss"]
[EventRounds "9"]
[EventCountry "SRB"]
[SourceTitle "CBM 149 Extra"]
[Source "ChessBase"]
[SourceDate "2012.08.24"]
[SourceVersion "1"]
[SourceVersionDate "2012.08.24"]
[SourceQuality "1"]

1. e4 e6 2. d4 d5 3. Nc3 Bb4 4. e5 c5 5. a3 Ba5 6. b4 cxd4 7. Qxd4 Bc7 8. Nf3 Ne7 9. Bg5 Nbc6 10. Bb5 Qd7 11. Bxe7 Nxd4 12. Nxd4 Bxe5 13. Bc5 b6 14. Bxb6 axb6 15. Bxd7+ Bxd7 16. Nce2 0-0 17. Kd2 f6 18. Rhf1 Bd6 19. Nc3 Rfc8 20. Ndb5 Be5 21. a4 Rc4 22. Ra2 Rg4 23. Kd3 Rxg2 24. a5 Rxh2 25. Nd4 bxa5 26. bxa5 Bc8 27. Nde2 Ba6+ 28. Ke3 Rh4 29. Kd2 Rc4 30. Na4 Rc7 31. Nb6 Raa7 0-1

[Event "Vojvodina-ch 3rd"]
[Site "Novi Sad"]
[Date "2012.06.30"]
[Round "2"]
[White "Vukovic, Miroslav R"]
[Black "Indjic, Aleksandar"]
[Result "0-1"]
[WhiteElo "2193"]
[BlackElo "2432"]
[PlyCount "78"]
[EventDate "2012.06.29"]
[EventType "swiss"]
[EventRounds "9"]
[EventCountry "SRB"]
[SourceTitle "CBM 149 Extra"]
[Source "ChessBase"]
[SourceDate "2012.08.24"]
[SourceVersion "1"]
[SourceVersionDate "2012.08.24"]
[SourceQuality "1"]

1. e4 c5 2. Nf3 d6 3. d4 cxd4 4. Nxd4 Nf6 5. Nc3 a6 6. Bg5 e6 7. f4 h6 8. Bh4 Qb6 9. Qd2 Qxb2 10. Rb1 Qa3 11. e5 dxe5 12. fxe5 Nd5 13. Nxd5 exd5 14. e6 Bxe6 15. Nxe6 fxe6 16. Bd3 Be7 17. Bg6+ Kd8 18. Bxe7+ Qxe7 19. 0-0 Nd7 20. Rxb7 Qc5+ 21. Kh1 Ra7 22. Rb3 Rf8 23. Rxf8+ Nxf8 24. Bd3 Ke7 25. Qf4 Nd7 26. h3 g5 27. Qf1 a5 28. Qe2 Qd4 29. Qh5 Qa1+ 30. Kh2 a4 31. Rb5 Qe5+ 32. Kh1 Qg7 33. a3 Qa1+ 34. Kh2 Qxa3 35. Qxh6 Qd6+ 36. Kh1 Qe5 37. c4 a3 38. Qh7+ Kd8 39. cxd5 a2 0-1

[Event "Vojvodina Cup"]
[Site "Sombor"]
[Date "2008.05.04"]
[Round "5.2"]
[White "Vukovic, Miroslav R"]
[Black "Andrijevic, Milan"]
[Result "0-1"]
[WhiteElo "2181"]
[BlackElo "2368"]
[PlyCount "102"]
[EventDate "2008.05.01"]
[EventType "team-tourn"]
[EventRounds "5"]
[EventCountry "YUG"]
[SourceTitle "EXT 2011"]
[Source "ChessBase"]
[SourceDate "2010.11.26"]
[SourceVersion "1"]
[SourceVersionDate "2010.11.26"]
[SourceQuality "1"]

1. d4 Nf6 2. c4 e6 3. Nc3 d5 4. cxd5 Nxd5 5. e4 Nxc3 6. bxc3 c5 7. Nf3 cxd4 8. Qxd4 Qa5 9. Qe5 Qxe5 10. Nxe5 Bd6 11. Bb5+ Ke7 12. Nc4 Bc5 13. Be3 Bxe3 14. Nxe3 b6 15. 0-0-0 Bb7 16. f3 a6 17. Be2 b5 18. Kb2 Nd7 19. c4 b4 20. a3 bxa3+ 21. Kxa3 Nc5 22. Rb1 Rhd8 23. Rhd1 Rxd1 24. Rxd1 a5 25. Nc2 e5 26. Ne3 g6 27. Nd5+ Bxd5 28. Rxd5 Nd7 29. Kb3 f6 30. g3 g5 31. Bf1 Ra7 32. g4 a4+ 33. Ka3 Nf8 34. Be2 Ne6 35. Bd1 Nd4 36. h3 Rc7 37. c5 Ne6 38. Kb4 a3 39. Bb3 Ra7 40. Ba2 Nd4 41. Rd6 Rb7+ 42. Rb6 Rxb6+ 43. cxb6 Kd7 44. Kc5 Kc8 45. Kd6 Kb7 46. Ke7 Kxb6 47. Kxf6 Nxf3 48. Kg7 Kc5 49. Kxh7 Kd4 50. Bd5 Nd2 51. Kg6 Nc4 0-1